[Event "IECC CL7-1999.15"]
[Site "IECC email"]
[Date "1999.03.02"]
[Round "?"]
[White "Aspelund, Christoph"]
[Black "Gurov, Sergey"]
[Result "0-1"]
[WhiteElo "800"]
[BlackElo "1194"]
[PlyCount "81"]
[EventDate "1999.??.??"]
[EventType "tourn (corr)"]
[EventRounds "4"]
[SourceTitle "Corr 2008"]
[Source "ChessBase"]
[SourceDate "2008.06.24"]
[SourceVersion "1"]
[SourceVersionDate "2008.06.24"]
[SourceQuality "1"]

1. e4 e5 2. Nf3 Nc6 3. Bb5 a6 4. Ba4 d6 5. c3 Bd7 6. d4 Nge7 7. Bb3 h6 8. dxe5 dxe5 9. 0-0 Ng6 10. Bd5 Qf6 11. Bxc6 Bxc6 12. Qd3 Be7 13. Rd1 Rd8 14. Qe2 Rxd1+ 15. Qxd1 Bxe4 16. Nbd2 Bxf3 17. Qxf3 Qxf3 18. Nxf3 c5 19. Be3 f5 20. a3 e4 21. Ne1 f4 22. Bd2 Kf7 23. b4 b6 24. bxc5 Bxc5 25. g3 e3 26. fxe3 fxe3 27. Bc1 Re8 28. Ra2 Ne5 29. Kf1 Kf6 30. Ke2 Kf5 31. Bxe3 Nc4 32. Ng2 Nxe3 33. Nxe3+ Rxe3+ 34. Kf2 Rxc3+ 35. Ke2 Rxa3 36. Rxa3 Bxa3 37. Kd3 b5 38. Kc3 a5 39. Kb3 Bd6 40. Kc3 Bxg3 41. hxg3 0-1

[Event "IECC CL7-1999.13"]
[Site "IECC email"]
[Date "1999.02.20"]
[Round "?"]
[White "King, Gary"]
[Black "Aspelund, Christoph"]
[Result "1-0"]
[WhiteElo "997"]
[BlackElo "831"]
[PlyCount "53"]
[EventDate "1999.??.??"]
[EventType "tourn (corr)"]
[EventRounds "4"]
[SourceTitle "Corr 2008"]
[Source "ChessBase"]
[SourceDate "2008.06.24"]
[SourceVersion "1"]
[SourceVersionDate "2008.06.24"]
[SourceQuality "1"]

1. e4 e5 2. Nf3 Nc6 3. Bb5 a6 4. Ba4 Nf6 5. Nc3 Bb4 6. Nd5 Nxe4 7. Nxb4 Nxb4 8. 0-0 Nc6 9. d3 Nf6 10. Qe2 Qe7 11. Bxc6 dxc6 12. Qxe5 Qxe5 13. Nxe5 Ng4 14. Nxg4 Bxg4 15. Re1+ Be6 16. Bf4 0-0-0 17. Re3 h6 18. Be5 Rhe8 19. Bxg7 Bf5 20. Bxh6 Rxe3 21. Bxe3 Rg8 22. h4 Bh3 23. g3 b5 24. h5 Be6 25. b4 Bd5 26. Bd4 Rh8 27. Bxh8 1-0

[Event "IECC CL7-1999.13"]
[Site "IECC email"]
[Date "1999.02.20"]
[Round "?"]
[White "Williams, Derek"]
[Black "Aspelund, Christoph"]
[Result "1-0"]
[WhiteElo "1168"]
[BlackElo "926"]
[PlyCount "29"]
[EventDate "1999.??.??"]
[EventType "tourn (corr)"]
[EventRounds "4"]
[SourceTitle "Corr 2008"]
[Source "ChessBase"]
[SourceDate "2008.06.24"]
[SourceVersion "1"]
[SourceVersionDate "2008.06.24"]
[SourceQuality "1"]

1. d4 Nf6 2. Nf3 e6 3. Bg5 c5 4. Nc3 cxd4 5. Nxd4 Bb4 6. Qd3 Bxc3+ 7. Qxc3 Nc6 8. Nxc6 dxc6 9. Rd1 Qe7 10. e4 Qc7 11. Bxf6 gxf6 12. Qxf6 Qa5+ 13. c3 0-0 14. Rd3 Qxa2 15. Rg3# 1-0

[Event "IECC CL7-1999.12"]
[Site "IECC email"]
[Date "1999.02.15"]
[Round "?"]
[White "Aspelund, Christoph"]
[Black "Gumminger, Fred"]
[Result "0-1"]
[WhiteElo "845"]
[BlackElo "957"]
[PlyCount "94"]
[EventDate "1999.??.??"]
[EventType "tourn (corr)"]
[EventRounds "4"]
[SourceTitle "Corr 2008"]
[Source "ChessBase"]
[SourceDate "2008.06.24"]
[SourceVersion "1"]
[SourceVersionDate "2008.06.24"]
[SourceQuality "1"]

1. e4 e5 2. Nf3 Nc6 3. Bb5 Nge7 4. Nc3 a6 5. Bxc6 dxc6 6. Nxe5 Qd4 7. Nf3 Qa7 8. d3 Bg4 9. 0-0 g6 10. h3 Be6 11. Bg5 0-0-0 12. Bxe7 Bxe7 13. Ne5 Rhf8 14. d4 Rxd4 15. Qe2 f5 16. Qe3 f4 17. Qe2 Qb6 18. b3 Rfd8 19. Rad1 Bd6 20. Nf3 Rxd1 21. Rxd1 c5 22. Nd5 Qc6 23. c4 Qe8 24. e5 Bf8 25. Ng5 Qc6 26. g4 Bxd5 27. Rxd5 Rxd5 28. cxd5 Qxd5 29. Nxh7 Bg7 30. e6 Be5 31. Qc4 Qd1+ 32. Qf1 Qd5 33. Qc4 Qxc4 34. bxc4 Kd8 35. Ng5 Bf6 36. h4 Bxg5 37. hxg5 b5 38. cxb5 axb5 39. Kf1 Ke7 40. Ke2 Kxe6 41. f3 Kd5 42. Kd3 b4 43. Kd2 Kd4 44. Ke2 Kc3 45. Kd1 c4 46. Kc1 Kd3 47. Kd1 Ke3 0-1

[Event "IECC CL7-1999.12"]
[Site "IECC email"]
[Date "1999.02.15"]
[Round "?"]
[White "Aspelund, Christoph"]
[Black "Hargreaves, John Richard"]
[Result "0-1"]
[WhiteElo "833"]
[BlackElo "1032"]
[PlyCount "62"]
[EventDate "1999.??.??"]
[EventType "tourn (corr)"]
[EventRounds "4"]
[SourceTitle "Corr 2008"]
[Source "ChessBase"]
[SourceDate "2008.06.24"]
[SourceVersion "1"]
[SourceVersionDate "2008.06.24"]
[SourceQuality "1"]

1. e4 e5 2. Nf3 d6 3. d4 exd4 4. Nxd4 c5 5. Bb5+ Bd7 6. Bxd7+ Qxd7 7. Nf3 Nf6 8. Nc3 Nc6 9. Bg5 Be7 10. Nd5 Nxd5 11. Qxd5 Nb4 12. Qd2 Bxg5 13. Nxg5 Qg4 14. 0-0 Nxc2 15. Qxc2 Qxg5 16. Rad1 0-0-0 17. Rd5 Qe7 18. Re1 f6 19. Qa4 b6 20. Qc6+ Qc7 21. Qxc7+ Kxc7 22. Red1 g5 23. g3 h6 24. f3 a5 25. b3 Rhe8 26. Kf2 Re5 27. f4 Rxe4 28. Kf3 Re6 29. fxg5 fxg5 30. Kg4 Rf8 31. Rf5 Re4+ 0-1

[Event "IECC CL7-1999.11"]
[Site "IECC email"]
[Date "1999.02.07"]
[Round "?"]
[White "Kriger, John"]
[Black "Aspelund, Christoph"]
[Result "1-0"]
[WhiteElo "1132"]
[BlackElo "804"]
[PlyCount "72"]
[EventDate "1999.??.??"]
[EventType "tourn (corr)"]
[EventRounds "4"]
[SourceTitle "Corr 2008"]
[Source "ChessBase"]
[SourceDate "2008.06.24"]
[SourceVersion "1"]
[SourceVersionDate "2008.06.24"]
[SourceQuality "1"]

1. e4 e5 2. Nf3 Nc6 3. d4 exd4 4. Nxd4 Nf6 5. Nxc6 bxc6 6. Bd3 g6 7. 0-0 d6 8. Bg5 d5 9. e5 Be7 10. exf6 Bxf6 11. Re1+ Be6 12. Bxf6 Qxf6 13. Nc3 Rb8 14. Rb1 0-0 15. Qd2 Bf5 16. Qf4 Rb7 17. g3 Kg7 18. Bxf5 Qxf5 19. Qxf5 gxf5 20. b4 d4 21. Na4 Rfb8 22. a3 a5 23. Nc5 Rb5 24. Nd7 R8b7 25. Re5 Rxe5 26. Nxe5 c5 27. b5 Kf6 28. Nd7+ Ke7 29. Nxc5 Rb6 30. a4 Kd6 31. Nb3 c5 32. Nxa5 Kd5 33. Nc6 f6 34. a5 Rb7 35. a6 Rf7 36. a7 Rxa7 1-0

[Event "IECC CL7-1999.10"]
[Site "IECC email"]
[Date "1999.02.01"]
[Round "?"]
[White "Aspelund, Christoph"]
[Black "Howie, Andrew"]
[Result "0-1"]
[WhiteElo "888"]
[BlackElo "956"]
[PlyCount "66"]
[EventDate "1999.??.??"]
[EventType "tourn (corr)"]
[EventRounds "4"]
[SourceTitle "Corr 2008"]
[Source "ChessBase"]
[SourceDate "2008.06.24"]
[SourceVersion "1"]
[SourceVersionDate "2008.06.24"]
[SourceQuality "1"]

1. e4 c5 2. Nf3 Nc6 3. d4 cxd4 4. Nxd4 Nf6 5. Nc3 e6 6. Bg5 Be7 7. Qd2 h6 8. Bxf6 Bxf6 9. Nxc6 bxc6 10. 0-0-0 0-0 11. Bc4 e5 12. g3 Rb8 13. Qd6 Bb7 14. h4 Be7 15. Qd3 Bc8 16. f4 Bf6 17. Qd6 Bb7 18. Qxd7 exf4 19. gxf4 Qb6 20. e5 Bc8 21. Na4 Qe3+ 22. Qd2 Qxd2+ 23. Rxd2 Be7 24. h5 g5 25. hxg6 Kg7 26. Rg1 fxg6 27. Bd3 Rxf4 28. Rxg6+ Kf7 29. Rdg2 Bg5 30. b3 Rf2+ 31. Kb2 Rxg2 32. Rxc6 Bd7 33. Rxh6 Bxh6 0-1

[Event "IECC CL7-1999.10"]
[Site "IECC email"]
[Date "1999.02.01"]
[Round "?"]
[White "Karlsson, Roger"]
[Black "Aspelund, Christoph"]
[Result "1-0"]
[WhiteElo "876"]
[BlackElo "823"]
[PlyCount "71"]
[EventDate "1999.??.??"]
[EventType "tourn (corr)"]
[EventRounds "4"]
[SourceTitle "Corr 2008"]
[Source "ChessBase"]
[SourceDate "2008.06.24"]
[SourceVersion "1"]
[SourceVersionDate "2008.06.24"]
[SourceQuality "1"]

1. e4 e5 2. Nf3 Nc6 3. Bc4 Bc5 4. c3 Nf6 5. d4 exd4 6. cxd4 Bb4+ 7. Nc3 Nxe4 8. 0-0 Bxc3 9. d5 Bf6 10. dxc6 dxc6 11. Qxd8+ Bxd8 12. Re1 Bf5 13. g4 Bg6 14. Ne5 f5 15. Nxg6 hxg6 16. f3 fxg4 17. Rxe4+ Kd7 18. Rxg4 g5 19. Bxg5 Bxg5 20. Rxg5 b5 21. Rd1+ Ke7 22. Bb3 Rad8 23. Re5+ Kf6 24. Re6+ Kf5 25. Rxd8 Rxd8 26. Rxc6 Kf4 27. Rxc7 Kxf3 28. Rxg7 Rd2 29. Rf7+ Ke4 30. h4 Rxb2 31. Rxa7 Kf3 32. h5 Rg2+ 33. Kh1 Kf2 34. Rf7+ Kg3 35. Rg7+ Kf3 36. Rxg2 1-0

[Event "IECC CL7-1999.10"]
[Site "IECC email"]
[Date "1999.02.01"]
[Round "?"]
[White "Richard, Andy"]
[Black "Aspelund, Christoph"]
[Result "0-1"]
[WhiteElo "1244"]
[BlackElo "865"]
[PlyCount "70"]
[EventDate "1999.??.??"]
[EventType "tourn (corr)"]
[EventRounds "4"]
[SourceTitle "Corr 2008"]
[Source "ChessBase"]
[SourceDate "2008.06.24"]
[SourceVersion "1"]
[SourceVersionDate "2008.06.24"]
[SourceQuality "1"]

1. e4 e5 2. Nf3 Nc6 3. Bc4 Bc5 4. b4 Bxb4 5. c3 Ba5 6. d4 exd4 7. 0-0 dxc3 8. Qb3 Qf6 9. e5 Qg6 10. Nxc3 Nge7 11. Ba3 0-0 12. Rad1 a6 13. Nd5 Nxd5 14. Bxd5 b5 15. Bxf8 Kxf8 16. Bxc6 dxc6 17. Qa3+ Ke8 18. Qxa5 Bh3 19. Nh4 Qg4 20. Qb4 Qxb4 21. f4 Bg4 22. Rb1 Qc4 23. h3 Be2 24. Rfe1 Qxa2 25. Ra1 Qc4 26. g3 Qd4+ 27. Kh1 Qe4+ 28. Kh2 Rd8 29. Rxa6 Rd1 30. Rxd1 Bxd1 31. Ra8+ Kd7 32. Ra2 Qc2+ 33. Rxc2 Bxc2 34. Nf3 b4 35. Nd2 b3 0-1

[Event "IECC CL7-1999.07"]
[Site "IECC email"]
[Date "1999.01.15"]
[Round "?"]
[White "Aspelund, Christoph"]
[Black "Kaczmarek, Michal"]
[Result "0-1"]
[WhiteElo "952"]
[BlackElo "1202"]
[PlyCount "70"]
[EventDate "1999.??.??"]
[EventType "tourn (corr)"]
[EventRounds "4"]
[SourceTitle "Corr 2008"]
[Source "ChessBase"]
[SourceDate "2008.06.24"]
[SourceVersion "1"]
[SourceVersionDate "2008.06.24"]
[SourceQuality "1"]

1. e4 e5 2. Nf3 Nf6 3. Nxe5 d6 4. Nf3 Nxe4 5. d4 d5 6. Bd3 c5 7. dxc5 Bxc5 8. 0-0 0-0 9. Bd2 Bg4 10. h3 Bh5 11. Qe2 Re8 12. b4 Bd4 13. Nc3 Nxc3 14. Bxc3 Rxe2 15. Bxe2 Bxc3 16. Rad1 Nc6 17. a3 Bxf3 18. Bxf3 Nd4 19. Kh1 Rc8 20. Rd3 Bb2 21. a4 Rxc2 22. Rb1 Rc1+ 23. Rxc1 Bxc1 24. Rxd4 g6 25. Rxd5 Qh4 26. Kg1 Qxb4 27. Rd8+ Kg7 28. Rd7 Qe1+ 29. Kh2 Bf4+ 30. g3 Qxf2+ 31. Bg2 Qxg3+ 32. Kg1 Qe1+ 33. Bf1 Be3+ 34. Kg2 Qf2+ 35. Kh1 Qg1# 0-1

[Event "IECC CL7-1999.02"]
[Site "IECC email"]
[Date "1999.01.01"]
[Round "?"]
[White "Aspelund, Christoph"]
[Black "Levy, Yehuda"]
[Result "0-1"]
[WhiteElo "1058"]
[BlackElo "1086"]
[PlyCount "68"]
[EventDate "1999.??.??"]
[EventType "tourn (corr)"]
[EventRounds "4"]
[SourceTitle "Corr 2008"]
[Source "ChessBase"]
[SourceDate "2008.06.24"]
[SourceVersion "1"]
[SourceVersionDate "2008.06.24"]
[SourceQuality "1"]

1. e4 e6 2. d4 d5 3. Nc3 dxe4 4. Nxe4 Nd7 5. Nf3 Ngf6 6. Nxf6+ Nxf6 7. Bd3 Be7 8. Qe2 0-0 9. Bg5 Nd5 10. Qe4 g6 11. Bh6 Re8 12. h4 Bb4+ 13. c3 Nxc3 14. Qe5 f6 15. Qg3 Ne4+ 16. Bd2 Bxd2+ 17. Nxd2 Nxg3 18. fxg3 Qxd4 19. Bb5 Qe5+ 20. Be2 b6 21. Rf1 Ba6 22. Rf2 Rad8 23. Rd1 Rd5 24. Kf1 Qxb2 25. Ke1 Bxe2 26. Rxe2 Red8 27. a4 e5 28. g4 e4 29. Nxe4 Rxd1+ 30. Kf2 Qe5 31. Kf3 Rf1+ 32. Rf2 Rd3+ 33. Ke2 Qxe4+ 34. Kxf1 Rd1# 0-1

[Event "IECC CL7-1999.08"]
[Site "IECC email"]
[Date "1999.01.01"]
[Round "?"]
[White "Brookshire, Tommy"]
[Black "Aspelund, Christoph"]
[Result "0-1"]
[WhiteElo "995"]
[BlackElo "965"]
[PlyCount "72"]
[EventDate "1999.??.??"]
[EventType "tourn (corr)"]
[EventRounds "4"]
[SourceTitle "Corr 2008"]
[Source "ChessBase"]
[SourceDate "2008.06.24"]
[SourceVersion "1"]
[SourceVersionDate "2008.06.24"]
[SourceQuality "1"]

1. e4 e5 2. Nf3 Nc6 3. Bc4 Bc5 4. d3 Nf6 5. Bg5 d6 6. c3 h6 7. Bd2 Bg4 8. 0-0 d5 9. Bxd5 Nxd5 10. exd5 Qxd5 11. Qe2 0-0-0 12. b4 Bxf3 13. gxf3 Bd6 14. c4 Nd4 15. cxd5 Nxe2+ 16. Kg2 Nf4+ 17. Bxf4 exf4 18. a3 Be5 19. Ra2 Rxd5 20. Rd1 Rhd8 21. Re2 f6 22. a4 Rxd3 23. Rxd3 Rxd3 24. Rd2 Rxd2 25. Nxd2 Bc3 26. Nb3 Bxb4 27. Nd4 c5 28. Nf5 c4 29. Nd4 c3 30. Kh3 Bc5 31. Nc2 Bxf2 32. Kg4 g6 33. Kxf4 a6 34. h3 b5 35. axb5 axb5 36. Ke4 Bc5 0-1

[Event "IECC CL7-1999.06"]
[Site "IECC email"]
[Date "1998.12.19"]
[Round "?"]
[White "Aspelund, Christoph"]
[Black "Gumminger, Fred"]
[Result "0-1"]
[WhiteElo "971"]
[BlackElo "975"]
[PlyCount "46"]
[EventDate "1999.??.??"]
[EventType "tourn (corr)"]
[EventRounds "4"]
[SourceTitle "Corr 2008"]
[Source "ChessBase"]
[SourceDate "2008.06.24"]
[SourceVersion "1"]
[SourceVersionDate "2008.06.24"]
[SourceQuality "1"]

1. e4 e5 2. Nf3 Nc6 3. Bb5 Nf6 4. 0-0 Be7 5. Nc3 0-0 6. d3 Nd4 7. Nxd4 exd4 8. Nd5 Nxd5 9. exd5 c6 10. dxc6 dxc6 11. Bc4 b5 12. Bb3 Qd6 13. Qf3 Be6 14. Re1 Bxb3 15. axb3 Rfe8 16. Bf4 Qg6 17. Qxc6 Qxc6 18. Rac1 Bf6 19. Rxe8+ Rxe8 20. Bd2 Qxc2 21. Rxc2 h6 22. Rc7 Bg5 23. Bxg5 Re1# 0-1

[Event "IECC CL7-1999.02"]
[Site "IECC email"]
[Date "1998.12.16"]
[Round "?"]
[White "Baker, Tim"]
[Black "Aspelund, Christoph"]
[Result "1-0"]
[WhiteElo "1081"]
[BlackElo "1095"]
[PlyCount "47"]
[EventDate "1999.??.??"]
[EventType "tourn (corr)"]
[EventRounds "4"]
[SourceTitle "Corr 2008"]
[Source "ChessBase"]
[SourceDate "2008.06.24"]
[SourceVersion "1"]
[SourceVersionDate "2008.06.24"]
[SourceQuality "1"]

1. e4 e5 2. Nf3 Nc6 3. Bb5 a6 4. Bxc6 dxc6 5. 0-0 f6 6. d4 exd4 7. Nxd4 c5 8. Nb3 Qxd1 9. Rxd1 Bd6 10. Be3 c4 11. Na5 b5 12. Nc3 Bb7 13. Nxb7 Bb4 14. Nd5 Rb8 15. Nxb4 Rxb7 16. Nc6 g6 17. Rd8+ Kf7 18. Rad1 f5 19. R1d7+ Ke6 20. Nd4+ Kf6 21. Rf8+ Ke5 22. Re8+ Ne7 23. Rexe7+ Kf6 24. e5# 1-0

[Event "IECC CL7-1999.05"]
[Site "IECC email"]
[Date "1998.12.12"]
[Round "?"]
[White "Kenney, Brad"]
[Black "Aspelund, Christoph"]
[Result "0-1"]
[WhiteElo "1114"]
[BlackElo "975"]
[PlyCount "24"]
[EventDate "1999.??.??"]
[EventType "tourn (corr)"]
[EventRounds "4"]
[SourceTitle "Corr 2008"]
[Source "ChessBase"]
[SourceDate "2008.06.24"]
[SourceVersion "1"]
[SourceVersionDate "2008.06.24"]
[SourceQuality "1"]

1. d4 Nf6 2. Nf3 e6 3. e3 b6 4. Bd3 Bb7 5. 0-0 d5 6. c3 Ne4 7. Nbd2 Nxd2 8. Bxd2 Bd6 9. c4 dxc4 10. Bxc4 Qf6 11. Rc1 Bxf3 12. Qxf3 Qxf3 0-1

[Event "IECC CL7-1999.04"]
[Site "IECC email"]
[Date "1998.11.27"]
[Round "?"]
[White "Aspelund, Christoph"]
[Black "Hargreaves, John Richard"]
[Result "0-1"]
[WhiteElo "796"]
[BlackElo "1041"]
[PlyCount "104"]
[EventDate "1999.??.??"]
[EventType "tourn (corr)"]
[EventRounds "4"]
[SourceTitle "Corr 2008"]
[Source "ChessBase"]
[SourceDate "2008.06.24"]
[SourceVersion "1"]
[SourceVersionDate "2008.06.24"]
[SourceQuality "1"]

1. e4 e5 2. Nf3 Nf6 3. Nxe5 Qe7 4. d4 d6 5. Nf3 Qxe4+ 6. Qe2 Qxe2+ 7. Bxe2 Be7 8. Bg5 h6 9. Bxf6 Bxf6 10. Nc3 c6 11. 0-0-0 d5 12. Ne5 Bxe5 13. dxe5 Bf5 14. h3 g5 15. Bh5 Nd7 16. Rhf1 Be6 17. Rde1 0-0-0 18. f4 gxf4 19. Rxf4 Rdf8 20. g4 Kd8 21. Kd2 Rhg8 22. Ke3 Rg5 23. Kd4 b6 24. Ref1 c5+ 25. Kd3 Nxe5+ 26. Kd2 Ke7 27. Nb5 Nc4+ 28. Kc1 f6 29. Nxa7 Ne5 30. Kd1 Rg7 31. Nb5 Nc4 32. Nc7 Ne3+ 33. Kd2 Nxf1+ 34. Rxf1 Kd7 35. Nxe6 Kxe6 36. b3 d4 37. c3 dxc3+ 38. Kxc3 Rg5 39. Rd1 Rd5 40. Rxd5 Kxd5 41. Kd3 f5 42. gxf5 Rxf5 43. Bg4 Rf4 44. Ke3 Rf1 45. h4 Rf6 46. Bd1 b5 47. Bf3+ Rxf3+ 48. Kxf3 Kd4 49. Kf4 c4 50. bxc4 bxc4 51. h5 c3 52. Kf5 c2 0-1

[Event "IECC CL7-1999.04"]
[Site "IECC email"]
[Date "1998.11.27"]
[Round "?"]
[White "Karlsson, Roger"]
[Black "Aspelund, Christoph"]
[Result "0-1"]
[WhiteElo "933"]
[BlackElo "1047"]
[PlyCount "58"]
[EventDate "1999.??.??"]
[EventType "tourn (corr)"]
[EventRounds "4"]
[SourceTitle "Corr 2008"]
[Source "ChessBase"]
[SourceDate "2008.06.24"]
[SourceVersion "1"]
[SourceVersionDate "2008.06.24"]
[SourceQuality "1"]

1. e4 e5 2. Nf3 Nc6 3. Bc4 Bc5 4. c3 Nf6 5. d4 exd4 6. cxd4 Bb4+ 7. Nc3 Nxe4 8. 0-0 Bxc3 9. d5 Bf6 10. Re1 Ne7 11. Rxe4 d6 12. Bg5 Bxg5 13. Nxg5 0-0 14. Nxh7 Kxh7 15. Qh5+ Kg8 16. Rh4 f6 17. Qh7+ Kf7 18. Rh6 Bf5 19. Rxf6+ Kxf6 20. Qh4+ Kf7 21. Re1 Re8 22. g4 Ng6 23. Qh5 Rxe1+ 24. Kg2 Be4+ 25. f3 Bc2 26. Kg3 Qf6 27. Kf2 Qe6 28. f4 Qe3+ 29. Kg2 Rg1# 0-1

[Event "IECC CL6-1999.01"]
[Site "IECC email"]
[Date "1998.11.15"]
[Round "?"]
[White "Aspelund, Christoph"]
[Black "Jasinski, Jim"]
[Result "1-0"]
[WhiteElo "971"]
[BlackElo "1211"]
[PlyCount "51"]
[EventDate "1999.??.??"]
[EventType "tourn (corr)"]
[EventRounds "4"]
[SourceTitle "Corr 2008"]
[Source "ChessBase"]
[SourceDate "2008.06.24"]
[SourceVersion "1"]
[SourceVersionDate "2008.06.24"]
[SourceQuality "1"]

1. e4 d5 2. exd5 Qxd5 3. Nc3 Qa5 4. d4 Nf6 5. Nf3 Bg4 6. h3 Bh5 7. g4 Bg6 8. Ne5 Be4 9. f3 Bd5 10. Qd2 e6 11. a3 c6 12. b4 Bxb4 13. Bb2 Bd6 14. Nxd5 Qxd2+ 15. Kxd2 cxd5 16. g5 Nfd7 17. f4 f6 18. gxf6 gxf6 19. Nxd7 Bxf4+ 20. Ke1 Nxd7 21. Bb5 Rg8 22. Bxd7+ Kxd7 23. Bc1 Bg3+ 24. Ke2 Rac8 25. Kd3 Rxc2 26. Kxc2 1-0

[Event "IECC CL7-1999.01"]
[Site "IECC email"]
[Date "1998.11.07"]
[Round "?"]
[White "Aspelund, Christoph"]
[Black "Barnes, Tim E"]
[Result "1-0"]
[WhiteElo "1056"]
[BlackElo "990"]
[PlyCount "41"]
[EventDate "1999.??.??"]
[EventType "tourn (corr)"]
[EventRounds "4"]
[SourceTitle "Corr 2008"]
[Source "ChessBase"]
[SourceDate "2008.06.24"]
[SourceVersion "1"]
[SourceVersionDate "2008.06.24"]
[SourceQuality "1"]

1. e4 e5 2. Nf3 Nc6 3. Bb5 Nf6 4. 0-0 Bc5 5. Nxe5 Qe7 6. Nxc6 dxc6 7. Bd3 Nxe4 8. Bxe4 Qh4 9. d3 Bd6 10. g3 Qf6 11. Qd2 Bh3 12. Bg2 Bxg2 13. Kxg2 0-0-0 14. Nc3 Bb4 15. a3 Bc5 16. Ne4 Qf5 17. Qg5 Qxg5 18. Nxg5 Rdf8 19. Be3 Bb6 20. Ne4 f5 21. Bxb6 1-0

[Event "IECC CL7-1998.25"]
[Site "IECC email"]
[Date "1998.11.07"]
[Round "?"]
[White "Gumminger, Fred"]
[Black "Aspelund, Christoph"]
[Result "1-0"]
[WhiteElo "943"]
[BlackElo "833"]
[PlyCount "47"]
[EventDate "1998.??.??"]
[EventType "tourn (corr)"]
[EventRounds "4"]
[SourceTitle "Corr 2008"]
[Source "ChessBase"]
[SourceDate "2008.06.24"]
[SourceVersion "1"]
[SourceVersionDate "2008.06.24"]
[SourceQuality "1"]

1. e4 e5 2. Nf3 Nc6 3. Bb5 a6 4. Ba4 Nf6 5. 0-0 Nxe4 6. Re1 Nc5 7. Bxc6 dxc6 8. d4 Ne6 9. Nxe5 Be7 10. Qf3 0-0 11. c3 Bd6 12. Qg3 Bxe5 13. Rxe5 f6 14. Rh5 g6 15. Rxh7 Kxh7 16. Qh4+ Kg8 17. Bh6 Ng7 18. Qg3 Qe8 19. Nd2 Qe7 20. Qxg6 Rf7 21. Nf3 Qe2 22. Re1 Qc4 23. Re8+ Rf8 24. Qxg7# 1-0

[Event "IECC CL7-1998.23"]
[Site "IECC email"]
[Date "1998.10.31"]
[Round "?"]
[White "Scarborough, Don"]
[Black "Aspelund, Christoph"]
[Result "1-0"]
[WhiteElo "1023"]
[BlackElo "971"]
[PlyCount "95"]
[EventDate "1998.??.??"]
[EventType "tourn (corr)"]
[EventRounds "4"]
[SourceTitle "Corr 2008"]
[Source "ChessBase"]
[SourceDate "2008.06.24"]
[SourceVersion "1"]
[SourceVersionDate "2008.06.24"]
[SourceQuality "1"]

1. d4 Nf6 2. c4 e6 3. Nc3 Bb4 4. e3 0-0 5. Nf3 c5 6. Bd3 Bxc3+ 7. bxc3 b6 8. 0-0 Nc6 9. Rb1 Re8 10. Qc2 cxd4 11. cxd4 Bb7 12. Bb2 Nb4 13. Qb3 Nxd3 14. Qxd3 Be4 15. Qc3 Bxb1 16. Rxb1 Ne4 17. Qc2 d5 18. Nd2 Nxd2 19. Qxd2 dxc4 20. Qc3 Qd5 21. Re1 e5 22. dxe5 Rad8 23. e6 f6 24. e4 Qc6 25. e5 Qxe6 26. f4 Rd3 27. Qc2 Qd5 28. Bc3 Rd8 29. Qe2 Rd1 30. Kf1 Rxe1+ 31. Bxe1 Qd3 32. e6 Qxe2+ 33. Kxe2 Re8 34. f5 g6 35. g4 gxf5 36. gxf5 a5 37. a4 Rb8 38. Bc3 Kg7 39. Ke3 Rd8 40. Bd4 Rb8 41. Ke4 b5 42. Kd5 bxa4 43. e7 Re8 44. Ke6 a3 45. Bxf6+ Kg8 46. Bc3 a4 47. f6 Rb8 48. f7# 1-0

[Event "IECC CL6-1998.10"]
[Site "IECC email"]
[Date "1998.09.12"]
[Round "?"]
[White "Aspelund, Christoph"]
[Black "Gould, Michael"]
[Result "0-1"]
[WhiteElo "1184"]
[BlackElo "1370"]
[PlyCount "60"]
[EventDate "1998.??.??"]
[EventType "tourn (corr)"]
[EventRounds "4"]
[SourceTitle "Corr 2008"]
[Source "ChessBase"]
[SourceDate "2008.06.24"]
[SourceVersion "1"]
[SourceVersionDate "2008.06.24"]
[SourceQuality "1"]

1. e4 e5 2. Nf3 Nf6 3. Nxe5 d6 4. Nf3 Nxe4 5. d4 d5 6. Bd3 Be7 7. 0-0 Nc6 8. Re1 Bg4 9. c3 Nf6 10. Bg5 0-0 11. Bxf6 Bxf6 12. h3 Be6 13. Bc2 a6 14. Qd3 g6 15. Ne5 Nxe5 16. dxe5 Bg7 17. b3 c5 18. Na3 Re8 19. f4 Qa5 20. Nb1 c4 21. bxc4 Qb6+ 22. Kf1 Red8 23. cxd5 Bxd5 24. Qe3 Qb2 25. Na3 Qxa3 26. Qc1 Qxc3 27. Bb3 Bxg2+ 28. Kxg2 Rd2+ 29. Kf1 Qf3+ 30. Kg1 Qg2# 0-1

[Event "IECC CL6-1998.10"]
[Site "IECC email"]
[Date "1998.09.12"]
[Round "?"]
[White "Aspelund, Christoph"]
[Black "Stoffers, Ben"]
[Result "0-1"]
[WhiteElo "1159"]
[BlackElo "1184"]
[PlyCount "82"]
[EventDate "1998.??.??"]
[EventType "tourn (corr)"]
[EventRounds "4"]
[SourceTitle "Corr 2008"]
[Source "ChessBase"]
[SourceDate "2008.06.24"]
[SourceVersion "1"]
[SourceVersionDate "2008.06.24"]
[SourceQuality "1"]

1. e4 c5 2. Nf3 e6 3. d4 cxd4 4. Nxd4 Nc6 5. Nc3 Qc7 6. Be3 a6 7. Bd3 Nf6 8. 0-0 Ne5 9. f4 Neg4 10. Qf3 Bc5 11. h3 Nxe3 12. Qxe3 Qb6 13. Nce2 d6 14. e5 Nd5 15. Qf2 Qxb2 16. Rfb1 Qa3 17. Qh4 Nc3 18. Nxc3 Bxd4+ 19. Kf1 Qxc3 20. Qe1 Qxe1+ 21. Kxe1 dxe5 22. Kd2 Bxa1 23. Rxa1 exf4 24. Ke2 e5 25. Kf3 Be6 26. g4 h5 27. Bf5 hxg4+ 28. Kxg4 Bxf5+ 29. Kxf5 Rh5+ 30. Kg4 g6 31. Re1 f5+ 32. Kf3 e4+ 33. Kxf4 Rxh3 34. Ke5 Kf7 35. Rd1 Re8+ 36. Kf4 Rf3+ 37. Kg5 e3 38. Re1 e2 39. Kh4 Re4+ 40. Kg5 Rg3+ 41. Kh6 Rh4# 0-1

[Event "IECC CL6-1998.09"]
[Site "IECC email"]
[Date "1998.08.08"]
[Round "?"]
[White "Klusemann, Thorsten"]
[Black "Aspelund, Christoph"]
[Result "1-0"]
[WhiteElo "1377"]
[BlackElo "1221"]
[PlyCount "45"]
[EventDate "1998.??.??"]
[EventType "tourn (corr)"]
[EventRounds "4"]
[SourceTitle "Corr 2008"]
[Source "ChessBase"]
[SourceDate "2008.06.24"]
[SourceVersion "1"]
[SourceVersionDate "2008.06.24"]
[SourceQuality "1"]

1. g3 g6 2. Bg2 Bg7 3. d4 Nf6 4. e4 e6 5. e5 Nd5 6. c4 Nb6 7. b3 d6 8. exd6 cxd6 9. Nf3 e5 10. dxe5 Bxe5 11. Nxe5 dxe5 12. Qxd8+ Kxd8 13. 0-0 f5 14. Bb2 e4 15. Bxh8 g5 16. Nc3 h5 17. Bf6+ Ke8 18. Bxg5 Nc6 19. Nb5 Kf7 20. Rad1 Kg6 21. Rd6+ Kxg5 22. h4+ Kg4 23. Rg6# 1-0